New Mexico Counties by Population - Statistics

General Stats
  • This quiz has been taken 34 times
  • The average score is 28 of 33
Answer Stats
Population County % Correct
674,393 Bernalillo
100%
221,508 Doña Ana
100%
155,201 Santa Fe
94%
3,731 Catron
88%
47,999 Curry
88%
639 Harding
88%
73,004 Lea
88%
151,369 Sandoval
88%
16,311 Socorro
88%
64,629 Chaves
82%
27,184 Cibola
82%
12,369 Colfax
82%
1,680 De Baca
82%
60,911 Eddy
82%
27,889 Grant
82%
19,330 Los Alamos
82%
25,532 Luna
82%
71,780 McKinley
82%
4,196 Mora
82%
68,537 Otero
82%
8,656 Quay
82%
40,179 Rio Arriba
82%
19,019 Roosevelt
82%
120,993 San Juan
82%
27,150 San Miguel
82%
34,623 Taos
82%
15,307 Torrance
82%
77,190 Valencia
82%
4,449 Guadalupe
76%
4,074 Hidalgo
76%
20,436 Lincoln
76%
11,502 Sierra
76%
4,107 Union
76%
No matching quizzes found
Score Distribution
Percent of People with Each Score
Percentile by Number Answered
Your Score History
You have not taken this quiz